Представление документа в формате RUSMARC

ПолеНазваниеЗначение
  Тип записи a
  Библиографический уровень m
001 Контрольный номер e529da5e121e4fac8691983f7d098884
005 Дата корректировки 20140526192810.3
200 Заглавие и сведения об ответственности __
a Заглавие Бухгалтерский учет и налогообложение хозяйственных договоров
f Первые сведения об ответственности А.В.Брызгалин, В.Р.Берник, А.Н.Головкин
210 Выходные данные __
a Место издания Москва
c Издательство "Аналитика-Пресс","Академия"
d Дата издания 1997
215 Физическое описание __
a Объем 176
606 Тематические рубрики __
a Основная рубрика бухгалтерский учет
610 Ключевые слова __
a Ключевые слова бухгалтерский учет
686 Индексы других классификаций __
a Классификационный индекс 65.052
2 Код системы rubbk
686 Индексы других классификаций __
a Классификационный индекс 65.052.9(2)229
2 Код системы rubbk
801 Источник записи _0
a Страна RU
b Организация РУК
c Дата составления 20011030
g Правила каталогизации PSBO
801 Источник записи _1
a Страна RU
b Организация РУК
c Дата составления 20011030
g Правила каталогизации PSBO
852 Данные о местонахождении __
i Авторский знак Б94
j Шифр хранения 65.052.9(2)229
901 Тип документа __
t Тип документа m
938 Служебная информация __
a Название организации Головной вуз
b Имя БД BOOK
c Название АИБС АИБС ИРБИС